000 00507nam a2200181Ia 4500
005 20250326141751.0
008 250326s9999 xx 000 0 und d
037 _aTextbook
040 _aFMSL
_beng
_cFMSL
041 _aeng
_2eng
084 _qFMSL
100 _aBhatt Anil
245 0 _aUrban community development Programme of Ahmedabad : A Community based evaluation
_cBhatt Anil
260 _aAhmedabad
_bAhmedabad, I I M
_c1985
300 _a122p
942 _cTB
999 _c1291870
_d1291870